Normal view MARC view
  • Canter, B. Mathilda

Entry Personal Name

Number of records used in: 1

001 - CONTROL NUMBER

  • control field: 134242

003 - CONTROL NUMBER IDENTIFIER

  • control field: NUST

005 - DATE AND TIME OF LATEST TRANSACTION

  • control field: 20260423142745.0

008 - FIXED-LENGTH DATA ELEMENTS

  • fixed length control field: 260423|| aca||aabn | a|a d

040 ## - CATALOGING SOURCE

  • Original cataloging agency: NUST
  • Transcribing agency: NUST

100 ## - HEADING--PERSONAL NAME

  • Personal name: Canter, B. Mathilda

670 ## - SOURCE DATA FOUND

  • Source citation: Work cat.: (NUST): Canter, B. Mathilda. , Ethics for Psychologists: A Commentary on the Apa Ethics Code /, 1994.
© 2023 Central Library, National University of Sciences and Technology. All Rights Reserved.